000 00781nam a2200277Ia 4500
003 OSt
005 20221006142210.0
006 a|||||r|||| 00| 0
007 ta
008 221006b |||||||| |||| 00| 0 eng d
020 _c
_32.00
024 _a5,637
037 _cTextual
040 _aEASL
_cEASL
_beng
041 _2eng
_aeng
082 _aY31.41.N89, N2
100 _aKELLIHER Daniel
_9647163
245 0 _aPeasant power in China
_b The era of rural reform, 1979-1989
260 _aNew Havan
_bYale University Press
_c1992
300 _a264p.
_ccm.
490 _v CEL
_aYale Agrarian Studies
650 _a Peasant
_9647164
650 _aRural China
_9647165
942 _hY31.41.N89, N2
_cTEXL
_2CC
999 _c1073723
_d1073723